| 000 | 00783cab a2200241 4500 | ||
|---|---|---|---|
| 001 | WB3307-13 | ||
| 008 | 090401t1997 xxu||||| |||| 00| 0 eng d | ||
| 035 | _a(Sirsi) u49466 | ||
| 041 | _aeng | ||
| 245 | _aCounty fights to limit new homes | ||
| 260 | _c1997 | ||
| 350 | _a0 | ||
| 490 |
_aTimes _v11 February 1997, 6(1) |
||
| 520 | _aWest Sussex is to become a test case in a campaign to force the government to change its strategy for finding land to build the 4.4 million new homes it says will be needed over the next two decades. | ||
| 650 | _aCOUNCIL FOR THE PROTECTION OF RURAL ENGLAND | ||
| 650 | _aHOUSE BUILDING | ||
| 650 | _aHOUSEHOLD PROJECTIONS | ||
| 650 | _aNEW HOMES | ||
| 650 | _aWEST SUSSEX | ||
| 690 | _aHOUSING | ||
| 942 | _n0 | ||
| 948 | _c04/03/1997 | ||
| 999 |
_c30957 _d30957 |
||